Statistics for Portugal - Best cities to live in

Click here to take the quiz!

General Stats

  • This quiz has been taken 355 times
  • The average score is 13 of 21

Answer Stats

HintAnswer% Correct
51pPorto
98%
48pLisboa
91%
52pFaro
82%
54pBraga
79%
56pCoimbra
78%
46pSetúbal
66%
51pÉvora
65%
64pViseu
64%
56pAveiro
62%
61pFunchal
62%
51pBeja
59%
56pLeiria
58%
58pBragança
57%
56pVila Real
54%
52pGuarda
53%
57pViana do Castelo
52%
54pSantarém
51%
60pCastelo Branco
50%
50pPortalegre
46%
58pPonta Delgada
38%
60pAngra do Heroísmo
21%

Score Distribution

Percentile by Number Answered

Percent of People with Each Score

Your Score History

You have not taken this quiz